书目信息 |
| 题名: |
平顶山煤田深部建井水害防治技术
|
|
| 作者: | 钱自卫 , 张建国 , 郭建伟 , 李桂云 著 | |
| 分册: | ||
| 出版信息: | 北京 应急管理出版社 2019.10 |
|
| 页数: | 129页 | |
| 开本: | 26cm | |
| 丛书名: | ||
| 单 册: | ||
| 中图分类: | TD745 | |
| 科图分类: | ||
| 主题词: | 煤田--mei tian--矿山防水--研究--平顶山 | |
| 电子资源: | ||
| ISBN: | 978-7-5020-7707-5 | |
| 000 | 01332nam0 2200301 450 | |
| 001 | 011025152714 | |
| 005 | 20221025152714.0 | |
| 010 | @a978-7-5020-7707-5@dCNY90.00 | |
| 099 | @aCAL 012019178780 | |
| 100 | @a20201004d2019 em y0chiy50 ea | |
| 101 | 0 | @achi |
| 102 | @aCN@b110000 | |
| 105 | @aa a 000yy | |
| 106 | @ar | |
| 200 | 1 | @a平顶山煤田深部建井水害防治技术@Aping ding shan mei tian shen bu jian jing shui hai fang zhi ji shu@f钱自卫等 著 |
| 210 | @a北京@c应急管理出版社@d2019.10 | |
| 215 | @a129页@c彩图@d26cm | |
| 300 | @a国家自然科学基金青年科学基金项目(41602299)资助中国矿业大学人才引进项目(102519014)资助 | |
| 304 | @a题名页题其余责任者: 张建国, 郭建伟, 李桂云 | |
| 320 | @a有书目 (第126-129页) | |
| 330 | @a本书为针对平顶山煤田建井深度大、水文地质工程地质复杂条件的水害防治研究专著。全书从煤田的建井地质条件研究入手,构建了建井环境评价模型;然后以典型工程为背景,利用资料分析、理论研究、数值计算、室内试验等多种手段,系统研究了普通法建井水害预注浆防治技术及冻结井筒井壁水害演化规律及防治技术,研究成果已得到现场应用检验。 | |
| 606 | 0 | @a煤田@Amei tian@x矿山防水@x研究@y平顶山 |
| 690 | @aTD745@v5 | |
| 701 | 0 | @a钱自卫@Aqian zi wei@4著 |
| 701 | 0 | @a张建国@Azhang jian guo@4著 |
| 701 | 0 | @a郭建伟@Aguo jian wei@4著 |
| 701 | 0 | @a李桂云@Ali gui yun@4著 |
| 905 | @a河南城建学院图书馆@dTD745@eQ277 | |
| 平顶山煤田深部建井水害防治技术/钱自卫等 著.-北京:应急管理出版社,2019.10 |
| 129页:彩图;26cm |
| 国家自然科学基金青年科学基金项目(41602299)资助中国矿业大学人才引进项目(102519014)资助 |
| ISBN 978-7-5020-7707-5:CNY90.00 |
| 本书为针对平顶山煤田建井深度大、水文地质工程地质复杂条件的水害防治研究专著。全书从煤田的建井地质条件研究入手,构建了建井环境评价模型;然后以典型工程为背景,利用资料分析、理论研究、数值计算、室内试验等多种手段,系统研究了普通法建井水害预注浆防治技术及冻结井筒井壁水害演化规律及防治技术,研究成果已得到现场应用检验。 |
| ● |
| 相关链接 |
|
|
|
正题名:平顶山煤田深部建井水害防治技术
索取号:TD745/Q277
 
预约/预借
| 序号 | 登录号 | 条形码 | 馆藏地/架位号 | 状态 | 备注 |
| 1 | 1585377 | 215853770 | 自科库501/501自科库 21排3列3层/ [索取号:TD745/Q277] | 在馆 | |
| 2 | 1585378 | 215853789 | 自科库501/501自科库 21排3列3层/ [索取号:TD745/Q277] | 在馆 |